A szemiotikai szövegtan periodika koncepciójának alakulása 1990-től 2004-ig
Elmentve itt :
| Szerző: | |
|---|---|
| Dokumentumtípus: | Cikk |
| Megjelent: |
2004
|
| Kulcsszavak: | Nyelvészet bibliográfia, Nyelvészet folyóirat |
| Online Access: | http://acta.bibl.u-szeged.hu/13 |
| LEADER | 00591nab a2200157 i 4500 | ||
|---|---|---|---|
| 001 | acta13 | ||
| 005 | 20161015070526.0 | ||
| 008 | 161015s2004 hu o 0|| hun d | ||
| 040 | |a SZTE Egyetemi Kiadványok Repozitórium |b hun | ||
| 041 | |a hun | ||
| 100 | 1 | |a Békési Imre | |
| 245 | 1 | 2 | |a A szemiotikai szövegtan periodika koncepciójának alakulása 1990-től 2004-ig |h [elektronikus dokumentum] / |c Békési Imre |
| 260 | |c 2004 | ||
| 300 | |a 241-249 | ||
| 695 | |a Nyelvészet bibliográfia, Nyelvészet folyóirat | ||
| 856 | 4 | 0 | |u http://acta.bibl.u-szeged.hu/13/1/szemiotikai_016_241-249.pdf |z Dokumentum-elérés |